Landscape, ritual and identity among the Hyolmo of Nepal

"This book analyses the social, political and religious life of the Hyolmo people of Nepal. Highlighting patterns of change and adaptation, it addresses the Shamanic-Buddhist interface that exists in the animated landscape of the Himalayas. Opening with an analysis of the ethnic revival of Nepa...

Description complète

Enregistré dans:  
Détails bibliographiques
Auteur principal: Torri, Davide (Auteur)
Type de support: Électronique Livre
Langue:Anglais
Service de livraison Subito: Commander maintenant.
Vérifier la disponibilité: HBZ Gateway
Interlibrary Loan:Interlibrary Loan for the Fachinformationsdienste (Specialized Information Services in Germany)
Publié: London New York, NY Routledge, Taylor & Francis Group 2020
Dans:Année: 2020
Collection/Revue:Vitality of indigenous religions
Sujets / Chaînes de mots-clés standardisés:B Sherpa de l'Helambu / Lama (Bouddhisme tibétain) / Chaman / Nepal
B Bouddhisme tibétain / Chamanisme
Sujets non-standardisés:B Shamanism (Nepal) (Helmu)
B Helmu (Nepal) ; Religion
B Shamanism ; Nepal ; Helmu
B RELIGION / Ethnic & Tribal
B Helambu Sherpa (Nepalese people) Religious life
B Helambu Sherpa (Nepalese people) Social conditions
B Helambu Sherpa (Nepalese people) ; Religious life
B Buddhism (Nepal) (Helmu)
B Helambu Sherpa (Nepalese people) ; Social conditions
B Buddhism ; Nepal ; Helmu
B Electronic books
B SOCIAL SCIENCE / Anthropology / Cultural
B Helmu (Nepal) Religion
Accès en ligne: Volltext (lizenzpflichtig)
Édition parallèle:Non-électronique

MARC

LEADER 00000cam a2200000 c 4500
001 1697896634
003 DE-627
005 20251226183806.0
007 cr uuu---uuuuu
008 200512s2020 xxk|||||o 00| ||eng c
020 |a 9781315591391  |c electronic book  |9 978-1-315-59139-1 
020 |a 1315591391  |c electronic book  |9 1-315-59139-1 
020 |a 9781317108160  |c PDF  |9 978-1-317-10816-0 
020 |a 1317108167  |c PDF  |9 1-317-10816-7 
020 |a 9781317108153  |c EPUB  |9 978-1-317-10815-3 
020 |a 1317108159  |c EPUB  |9 1-317-10815-9 
020 |a 9781317108146  |c Mobipocket  |9 978-1-317-10814-6 
020 |a 1317108140  |c Mobipocket  |9 1-317-10814-0 
035 |a (DE-627)1697896634 
035 |a (DE-599)KEP052366510 
035 |a (TFG)9781315591391 
035 |a (DE-627-1)052366510 
040 |a DE-627  |b ger  |c DE-627  |e rda 
041 |a eng 
044 |c XA-GB 
072 7 |a SOC  |2 bisacsh 
072 7 |a SOC  |2 bisacsh 
072 7 |a REL  |2 bisacsh 
072 7 |a HRKT  |2 bicssc 
082 0 |a 294.3095496  |2 23 
084 |a 0  |2 ssgn 
084 |a 11.93  |2 bkl 
100 1 |e VerfasserIn  |0 (DE-588)1070213160  |0 (DE-627)82335413X  |0 (DE-576)429829248  |4 aut  |a Torri, Davide 
109 |a Torri, Davide 
245 1 0 |a Landscape, ritual and identity among the Hyolmo of Nepal  |c Davide Torri 
264 1 |a London  |a New York, NY  |b Routledge, Taylor & Francis Group  |c 2020 
300 |a 1 online resource (xii, 219 pages) 
336 |a Text  |b txt  |2 rdacontent 
337 |a Computermedien  |b c  |2 rdamedia 
338 |a Online-Ressource  |b cr  |2 rdacarrier 
490 0 |a Vitality of indigenous religions 
500 |a Includes bibliographical references and index 
520 |a "This book analyses the social, political and religious life of the Hyolmo people of Nepal. Highlighting patterns of change and adaptation, it addresses the Shamanic-Buddhist interface that exists in the animated landscape of the Himalayas. Opening with an analysis of the ethnic revival of Nepal, the book first considers the Himalayan religious landscape and its people. Specific attention is then given to Helambu, home of the Hyolmo people, within the framework of Tibetan Buddhism. The discussion then turns to the persisting shamanic tradition of the region and the ritual dynamics of Hyolmo culture. The book concludes by considering broader questions of Hyolmo identity in the Nepalese context, as well as reflecting on the interconnection of landscape, ritual and identity. Offering a unique insight into a fascinating Himalayan culture and its formation, this book will be of great interest to scholars of indigenous peoples and religion across religious studies, Buddhist studies, cultural anthropology and South Asian studies"-- 
520 |a Cover -- Half Title -- Series Page -- Title Page -- Copyright Page -- Dedication Page -- Contents -- List of figures and tables -- Foreword -- Acknowledgements -- 1 Introduction -- 2 Ethnicity and the state. Historical introduction to Nepal's ethnic revival movements -- 3 Notes towards a theory of landscape: from the animist landscape to the Buddhist beyul -- 4 Secret and sacred. Yolmo as a beyul -- 5 Shamans in Helambu -- 6 Ritual dynamics -- 7 Identity matters -- 8 Conclusions 
650 0 |a Buddhism  |z Nepal  |z Helmu 
650 0 |a Shamanism  |z Nepal  |z Helmu 
650 0 |a Helambu Sherpa (Nepalese people)  |x Religious life 
650 0 |a Helambu Sherpa (Nepalese people)  |x Social conditions 
650 4 |a Buddhism ; Nepal ; Helmu 
650 4 |a Shamanism ; Nepal ; Helmu 
650 4 |a Helambu Sherpa (Nepalese people) ; Religious life 
650 4 |a Helambu Sherpa (Nepalese people) ; Social conditions 
650 4 |a Helmu (Nepal) ; Religion 
650 4 |a Electronic books 
650 4 |a SOCIAL SCIENCE / Anthropology / Cultural 
650 4 |a RELIGION / Ethnic & Tribal 
651 0 |a Helmu (Nepal)  |x Religion 
655 0 |a Electronic books 
689 0 0 |d s  |0 (DE-588)4748106-7  |0 (DE-627)371040450  |0 (DE-576)216006678  |2 gnd  |a Helambu Sherpa 
689 0 1 |d s  |0 (DE-588)4225691-4  |0 (DE-627)104977310  |0 (DE-576)210308206  |2 gnd  |a Lama  |g Tibetischer Buddhismus 
689 0 2 |d s  |0 (DE-588)4140043-4  |0 (DE-627)104450959  |0 (DE-576)209699477  |2 gnd  |a Schamane 
689 0 3 |d g  |0 (DE-588)4041612-4  |0 (DE-627)10621845X  |0 (DE-576)209045841  |2 gnd  |a Nepal 
689 0 |5 (DE-627) 
689 1 0 |d s  |0 (DE-588)4034157-4  |0 (DE-627)104826347  |0 (DE-576)209005300  |2 gnd  |a Tibetischer Buddhismus 
689 1 1 |d s  |0 (DE-588)4052062-6  |0 (DE-627)10617391X  |0 (DE-576)209096551  |2 gnd  |a Schamanismus 
689 1 |5 (DE-627) 
776 1 |z 9781472475824  |c hardcover 
776 0 8 |i Erscheint auch als  |n Druck-Ausgabe  |a Torri, Davide  |t Landscape, ritual and identity among the Hyolmo of Nepal  |d Abingdon, Oxon : Routledge, 2020  |h xii, 219 Seiten  |w (DE-627)1645311368  |w (DE-576)515925543  |z 9781472475824  |k Non-Electronic 
856 4 0 |u https://www.taylorfrancis.com/books/9781315591391  |m X:TFG  |x Verlag  |z lizenzpflichtig  |7 1 
912 |a BSZ-7-TFC-GIGA 
912 |a GBV-7-TFC-SBB 
912 |a GBV-7-TFC-ZHBF 
912 |a ZDB-7-TFC 
912 |a GBV-7-TFC-LUEN 
936 b k |a 11.93  |j Buddhismus  |q DA-3  |0 (DE-627)106415336 
938 1 0 |0 (DE-627)1756139695  |0 (DE-615)6604245  |a Nepal  |2 fivt 
938 1 0 |0 (DE-627)1756174768  |0 (DE-615)6608180  |a Lamaismus  |2 fivt 
951 |a BO 
ELC |a 1 
ORI |a SA-MARC-ixtheo_oa001.raw 
REL |a 1 
STA 0 0 |a Helambu Sherpa,Lamaism,Buddhism,Tibetan Buddhism,Nepal,Eastern Nepal,Shaman,Shamanism 
STB 0 0 |a Bouddhisme tibétain,Chaman,Chamane (masc.),Chamane,Chamanisme,Sherpa de l'Helambu 
STC 0 0 |a Budismo tibetano,Chamanismo,Chamán,Sherpa de Helambu 
STD 0 0 |a Buddhismo tibetano,Buddismo tibetano,Buddismo tibetano,Sciamanesimo,Sciamano,Sherpa di Helambu 
STE 0 0 |a 萨满,萨满祭司,萨满教巫师,萨满教,藏传佛教,藏语系佛教 
STF 0 0 |a 薩滿,薩滿祭司,薩滿教巫師,薩滿教,藏傳佛教,藏語系佛教 
STG 0 0 |a Budismo tibetano,Xamanismo,Xamã,Xerpa de Helambu 
STH 0 0 |a Тибетский буддизм,Шаман,Шаманизм,Шерпы Хеламбу 
STI 0 0 |a Θιβετιανός Βουδισμός,Σαμάνος,Σαμανισμός,Χελάμπου Σέρπα (εθνοτική ομάδα) 
SUB |a REL 
SYG 0 0 |a Yolmo , Lama lama,Lama peruana,Lama guanicoë glama,Lama glama,Blama,Bla-ma , Königreich Nepal,Federal Democratic Republic of Nepal,Demokratische Bundesrepublik Nepal,Nepāla,Kingdom of Nepal,Ni-po-erh,Nepāh,Nīpāl,Nepal Adhirajya,Gorkha-Staat,Gorkhā Rājya,Königreich Gorkhā , Lamaismus , Mudang,Neo-Schamanismus,Core-Schamanismus,Core Schamanismus,Kern-Schamanismus,Basis-Schamanismus